000 00312nam a2200133Ia 4500
999 _c104
_d104
082 _aWB 102
_bGAM
100 _aGami,N.K.
245 0 _aBedside Clinical Medicine (SSH)
_cGami,N.K.
250 _a2nd
260 _aNew Delhi India
_bJaypee Brothers
_c1995
300 _a432
650 _aMedicine
942 _cBK
_2ddc